00484nam a2200193Ia 4500003000400000005001700004008004100021020001500062040000700077041000800084082002100092100003700113245002500150260004300175300001200218365001300230650003100243650001600274OSt20230509140542.0210423s2001 xx 000 0 und d a8175940689 cAL aeng a361.3 223bDEVS aDEVI (Rameshwari);PRAKASH (Ravi) aSocial work practice aBombaybMangal Deep Publicationsc2001 a288bHB b595cINR aSocial Problems & Services aSocial Work